000 00651nam a22002175i 4500
001 178549
003 ES-MaACL
005 20231207063039.0
008 110607s1982 sp |||| | spa d
020 _a84-500-5440-0
080 _a821.134.2-14"19"
100 1 _aRosales, Luis,
_d1910-1992
_999644
245 1 3 _aUn rostro en cada ola /
_cLuis Rosales.
260 _aMelilla :
_bAyuntamiento de Melilla,
_cimp. 1982.
300 _a122 p. ;
_c21 cm.
490 1 _aRusadir ;
_v6
710 1 _aMelilla.
_bAyuntamiento.
_95680
830 0 _aRusadir ;
_v6
_9180773
852 _aES-MaACL
_jE-15325
_xOlim P-1802
999 _c178549
_d178549